000 00531nam a2200205 i 4500
001 bg
100 1 _aPATRYAS, Wojciech
245 1 0 _aElementy logiki dla prawników /
_cWojciech Patryas.
260 _aPoznań :
_b"Ars boni et aequi",
_c1996.
300 _a215 s. :
_bil. ;
_c21 cm.
650 9 _aLogika
655 _aPodręczniki akademickie
020 _a8390096471
040 _cBPK
041 0 _apol
080 _a161/164(075.8)
920 _a83-900964-7-1
942 _cKS
008 s pl f |000 0 pol
999 _c46606
_d46606
856 _uhttp://koha.tu.koszalin.pl/cgi-bin/koha/opac-detail.pl?biblionumber=46606
_yKatalog online BPK